| 000 | 00611nam a2200193 4500 | ||
|---|---|---|---|
| 001 | 121233 | ||
| 003 | ES-MaACL | ||
| 005 | 20230906191720.0 | ||
| 007 | t| | ||
| 008 | 070214s1965 sp r ||||1| spa d | ||
| 100 | 1 |
_aPrévôt, R. _993826 |
|
| 245 | 1 | 0 |
_aDiagnóstico radiológico del aparato digestivo / _cpor R. Prévôt y M. A. Lassrich ; traducción, M. Serrano Ríos. |
| 250 | _a1ª ed. | ||
| 260 |
_aMadrid : _bPaz Montalvo, _c1965. |
||
| 300 |
_a12, 1, 342 p. : _bil. ; _c28 cm. |
||
| 700 | 1 |
_aLassrich, M. A. _970485 |
|
| 700 | 1 |
_aSerrano Ríos, M. _9105792 |
|
| 852 |
_aES-MaACL _jC-27525 _bR.56823 |
||
| 999 |
_c121233 _d121233 |
||